000 00514nam a2200181Ia 4500
005 20250326124225.0
008 250326s9999 xx 000 0 und d
037 _aTextbook
040 _aFMSL
_beng
_cFMSL
041 _aeng
_2eng
084 _aX:51ogB28 K7;1
_qFMSL
100 _aKing W R
_9737024
245 0 _aQuantitative analysis for marketing management
_cKing W R
260 _aNY
_bNY, McGraw-Hill
_c1967
300 _a574p
942 _cTB
_hX:51ogB28 K7;1
999 _c1272822
_d1272822